La philosophie contemporaine en Italie (Record no. 158745)

MARC details
000 -LEADER
campo de control de longitud fija 00757nam a22001935i 4500
001 - NÚMERO DE CONTROL
campo de control 158745
003 - IDENTIFICADOR DE NÚMERO DE CONTROL
campo de control ES-MaACL
005 - FECHA Y HORA DE LA ÚLTIMA TRANSACCIÓN
campo de control 20230906211309.0
008 - DATOS DE LONGITUD FIJA--INFORMACIÓN GENERAL
campo de control de longitud fija 970605s1868 fr |||| | fre d
040 ## - FUENTE DE CATALOGACIÓN
Centro catalogador/agencia de origen CLM
Lengua de catalogación spa
Centro/agencia transcriptor CCPB | SIC
100 1# - ENTRADA PRINCIPAL--NOMBRE DE PERSONA
Nombre de persona Mariano, Rafael.
9 (RLIN) 129491
245 13 - MENCIÓN DEL TÍTULO
Título La philosophie contemporaine en Italie
Resto del título : essai de philosophie hégélienne /
Mención de responsabilidad, etc. par Raphael Mariano.
260 ## - PUBLICACIÓN, DISTRIBUCIÓN, ETC.
Lugar de publicación, distribución, etc. Paris :
Nombre del editor, distribuidor, etc. Germer Baillière, libraire-éditeur,
Fecha de publicación, distribución, etc. 1868 (
Fabricante Imprimerie de E. Martinet)
300 ## - DESCRIPCIÓN FÍSICA
Extensión VIII, 162, 12 p. ;
Dimensiones 18 cm.
505 8# - NOTA DE CONTENIDO CON FORMATO
Nota de contenido con formato Con pag. propia catálogo de obras publicadas por G. Baillière
590 #1 - NOTA LOCAL (RLIN)
Nota local Descripción basada en el ejemplar incompleto de AB-BP.
597 #1 - NOTA DE DESCRIPCIÓN FÍSICA
NOTA DE DESCRIPCIÓN FÍSICA Antep.
852 ## - LOCALIZACIÓN
Ubicación ES-MaACL
Número de control de estantería F-12240
Nota libre -- Enc. pasta española
Holdings
Estatus retirado Estado de pérdida Estado de daño No para préstamo Colección Biblioteca de origen Biblioteca actual Ubicación en estantería Fecha de adquisición Fuente de adquisición Total de préstamos Signatura topográfica completa Código de barras Visto por última vez Precio de reemplazo Tipo de ítem Koha
        Libros del s. XIX Biblioteca del Ateneo de Madrid Biblioteca del Ateneo de Madrid Sala Pecera Planta 2 17/01/2008     F-12240 1166157 23/02/2023 23/02/2023 Libro impreso antiguo